000 nam a22 7a 4500
999 _c126395
_d126395
008 170411b xxu||||| |||| 00| 0 eng d
050 _aSK255.T8 F6 1989
100 _aFitzpatrick, Percy
_929790
245 _aJock of the bushveld
_cPercy Fitzpatrick, E. Caldwell and Linda Rosenberg ed.
260 _aJohannesburg
_bAD.Donker
_c1989
300 _a270p. ;
_c23cm.
650 _aDogs
_xFolklore
_929791
650 _aHunting
_xSouth Africa
_zTransvaal
_929792
650 _aTransvaal (South Africa)
_xDescription and travel
_929793
710 _aCaldwell, E
_929794
_eillust
710 _aRosenberg, Linda
_929795
_eed
942 _2lcc
_cMONOGRAPH